Sports by Letter - G - Statistics

General Stats
  • This quiz has been taken 151 times
  • The average score is 11 of 20
Answer Stats
Hint Answer % Correct
Sport invented in Scotland Golf
98%
Where the Olympics originated Greece
91%
2014 FIFA World Cup champion Germany
86%
New York's NFL team Giants
79%
NHL's "Great One", Wayne Gretzky
77%
Artistic, rhythmic and trampoline Gymnastics
77%
That sport's Masters winner wears it Green Jacket
65%
The Irish football Gaelic football
61%
Smallest city that is home to an NFL team Green Bay
57%
First name of Spurs couch Popovich Gregg
56%
Won all the tennis majors in 1988 Graf
55%
Turkey's top football club Galatasaray
54%
Another name of American football Gridiron
49%
Baseball's bases-loaded home run Grand Slam
47%
Sport that uses an unpowered aircraft Gliding
46%
Italy's famous annual bike race {Giro} d'Italia
44%
Player with the most Premier League appearances Giggs
29%
Father/son QBs Bob and Brian Griese
27%
Typical leg spin delivery in cricket Googly
26%
Team sport for blind people Goalball
7%
No matching quizzes found
Score Distribution
Percent of People with Each Score
Percentile by Number Answered
Your Score History
You have not taken this quiz